Comptabilite de management : recueil de solutions

Na minha lista:
Detalhes bibliográficos
Autor principal: Brault, Réjean
Formato: Livro
Idioma:Undetermined
Publicado em: Québec, Canada Les Presses de l'Université Laval 1993
Assuntos:
Tags: Adicionar Tag
Sem tags, seja o primeiro a adicionar uma tag!
Thư viện lưu trữ: Trung tâm Học liệu Trường Đại học Cần Thơ
LEADER 00557nam a2200193Ia 4500
001 CTU_69136
008 210402s9999 xx 000 0 und d
082 |a 657 
082 |b B852 
100 |a Brault, Réjean 
245 0 |a Comptabilite de management : 
245 0 |b recueil de solutions 
245 0 |c Réjean Brault et Pierre Giguère 
260 |a Québec, Canada 
260 |b Les Presses de l'Université Laval 
260 |c 1993 
650 |a Managerial accounting 
904 |i Minh 
980 |a Trung tâm Học liệu Trường Đại học Cần Thơ